000 00478nam a2200181Ia 4500
005 20250508152453.0
008 008 250505s9999 xx 000 0 eng d
037 _aTextual
040 _aFEDL
_beng
_cFEDL
041 _aeng
_2eng
084 _a330.1, MIT
_qFEDL
100 _aMitra J. K.
245 0 _aEconomics : An introduction to its baisc principles
260 _c1959
300 _avii,502p.
942 _cTEXL
_h330.1, MIT
999 _c1336632
_d1336632